000 01440nam a22002057a 4500
008 160608b xxu||||| |||| 00| 0 eng d
082 _22013
_aAV-DVD 302.343
_bH669
100 _919357
_aHirsch, Lee
245 _aBully/
_cLee Hirsch; Cindy Waitt; Cynthia Lowen; Ion Furjanic; Lindsay Utz
260 _aBeverly Hills, CA :
_bAnchor Bay Entertainment,
_c[2013]
300 _a1 videodisc :
_bsd., col. ;
_c4 3/4 in.
_fDVD ; NTSC ; region 1 ;
_ganamorphic widescreen (1.78:1) presentation ; Dolby Digital 5.1.
306 _a99 min.
520 _aThis is a character-driven documentary following five kids and families over the course of a school year. Offering insight into different facets of America's bullying crisis, the stories include two families who have lost children to suicide and a mother awaiting the fate of her 14-year-old daughter, who has been incarcerated after bringing a gun on her school bus. Documentary provides an intimate and often shocking glimpse into homes, classrooms, cafeterias and principals' offices.
521 _aMPAA rating: PG-13; for "intense thematic material, disturbing content, and some strong language--all involving kids"--Container.
546 _aIn English with optional Spanish ; closed-captioned for the hearing impaired.
650 0 _910190
_aBullying
_zUnited States
650 0 _910191
_aBullying in schools
_zUnited States
650 0 _910192
_aBullying
_xPrevention
942 _2ddc
_cAV-DVD
999 _c3053
_d3053